| 000 | 00569cam a2200205ua 4500 | ||
|---|---|---|---|
| 001 | 413 | ||
| 008 | 110331n ii |||gr||||Z||||||eng | ||
| 020 | _a81-7096-467-9 | ||
| 040 | _cMAIN | ||
| 082 | _a327.11 | ||
| 245 | 1 |
_aPolitics among nations : _bstruggle for power and peace / _cby Hans J. Morgenthau |
|
| 250 | _a1st. | ||
| 260 |
_aDelhi: _bKalyani,991. |
||
| 300 |
_axiv, 689p: _c45cm. |
||
| 653 | _aPolitical science | ||
| 653 | _aPolitics among nations | ||
| 700 |
_aMorgenthau, Hans J., _eAuthor. |
||
| 700 |
_aKenneth, W. Thompson., _eAuthor. |
||
| 942 | _cBK | ||
| 999 |
_c358 _d358 |
||